000
00239nam a2200109 4500
082
_a
954.91ALI
100
_a
Ali Ahmed
245
_a
The Temple Sun of God
260
_a
Lahore:
_b
Sangam Publications,
_c
1998.
300
_a
190p. ;
942
_c
BK
999
_c
8557
_d
8557